|
|
|
|
| LEADER |
01626nam a22003492a 4500 |
| 001 |
000357762 |
| 003 |
CZ BrMZK |
| 005 |
20140228152424.0 |
| 007 |
ta |
| 008 |
010907s1967 xo f cze d |
| 040 |
|
|
|a BOA001
|b cze
|
| 041 |
0 |
|
|a cze
|a slo
|
| 080 |
9 |
|
|a 621.316.1.01(075.8)
|
| 100 |
1 |
|
|a Reiss, Ladislav,
|d 1902-1983
|7 jk01102245
|4 aut
|
| 245 |
1 |
0 |
|a Teoretická elektroenergetika I /
|c Ladislav Reiss, Karel Malý, Zdeněk Pavlíček
|
| 250 |
|
|
|a 1. vyd.
|
| 260 |
|
|
|a Bratislava :
|b Slovenské vydavateľstvo technickej literatúry,
|c 1967
|
| 300 |
|
|
|a 337 s. :
|b 132 obr., 2 tb. ;
|c 25 cm
|
| 490 |
1 |
|
|a Edícia elektrotechnickej literatúry
|
| 500 |
|
|
|a 1500 výt.
|
| 500 |
|
|
|a Český a slovenský text
|
| 504 |
|
|
|a Obsahuje bibliografii a rejstřík
|
| 700 |
1 |
|
|a Malý, Karel,
|d 1903-1986
|7 jk01073354
|4 aut
|
| 700 |
1 |
|
|a Pavlíček, Zdeněk,
|d 1914-1988
|7 jk01092099
|4 aut
|
| 830 |
|
0 |
|a Edícia elektrotechnickej literatúry (Slovenské vydavateľstvo technickej literatúry)
|
| 856 |
4 |
1 |
|u http://www.digitalniknihovna.cz/mzk/uuid/uuid:1e330cc0-61af-11e3-ac69-005056827e51
|y Digitalizovaný dokument
|x NDK
|
| 910 |
|
|
|a BOA001
|b TK-0140.661
|b 2-0592.471,1
|
| 990 |
|
|
|a BK
|
| 996 |
7 |
|
|b 2619012272
|c 2-0592.471,1
|l Sklad H1
|r Sklad / do 24 hodin
|n 0
|h HS212
|w 000357762
|u 000050
|a 1
|e BOA001
|j MZK50
|s A
|
| 996 |
7 |
|
|b 2629946843
|c TK-0140.661
|l MZK
|r Sklad / do 24 hodin
|n 2
|w 000357762
|u 000030
|a 1
|e BOA001
|j MZK50
|s A
|
| 996 |
7 |
|
|b 2629972659
|c TK-0140.661
|l MZK
|r Sklad / do 24 hodin
|n 3
|w 000357762
|u 000020
|a 1
|e BOA001
|j MZK50
|s A
|
| 996 |
7 |
|
|b 2629977246
|c TK-0140.661
|l MZK
|r Sklad / do 24 hodin
|n 6
|w 000357762
|u 000010
|a 1
|e BOA001
|j MZK50
|s A
|